Normal view
MARC view
Entry Topical Term
001 - CONTROL NUMBER
- control field: 20143
003 - CONTROL NUMBER IDENTIFIER
- control field: OSt
005 - DATE AND TIME OF LATEST TRANSACTION
- control field: 20211105134450.0
008 - FIXED-LENGTH DATA ELEMENTS
- fixed length control field: 211105|| aca||aabn | a|a d
040 ## - CATALOGING SOURCE
- Original cataloging agency: OSt
- Transcribing agency: OSt
150 ## - HEADING--TOPICAL TERM
- Topical term or geographic name entry element: Astronomy, Hipparcos catalogue
670 ## - SOURCE DATA FOUND
- Source citation: Work cat.: (OSt): Turon, C. 20142, The hipparcos input catalogue:vol 3, right ascension:9h-13h hic:44101-68389, 1992